Salamina

Saved in:
Bibliografiske detaljer
Main Authors: Reyna, María Soledad (Author), Arboleda González, Carlos (Author), Marulanda, Valentina (Author), Castañeda Buraglia, Antonio (Author)
Format: Bog
Sprog:spansk
Udgivet: Bogotá Letrarte Editores Ltda. 2011
Serier:Pueblos
Fag:
Tags: Tilføj Tag
Ingen Tags, Vær først til at tagge denne postø!

MARC

LEADER 00000cam a2200000 a 4500
001 UCF7756
003 CL-VaPUC
008 130704e20111100CK |||||||||||||||||spa|d
020 |a 9789589968253 
082 0 4 |a 779.986135  |b REY  |2 21 
100 0 |a Reyna, María Soledad  |e author  |9 569867 
700 0 |a Arboleda González, Carlos  |e author  |9 569868 
700 0 |a Marulanda, Valentina  |e author  |9 569869 
700 0 |a Castañeda Buraglia, Antonio  |e author  |9 569870 
245 1 0 |a Salamina 
300 |a pág. irreg 
942 |c BK 
945 |d 20130704 00:00:00  |a dcastane 
260 |a Bogotá  |b Letrarte Editores Ltda.  |c 2011 
650 0 |a Fotografía artística  |9 269391 
650 0 |a Historia de ciudades   |9 445863 
651 0 |a Colombia  |9 256424 
583 |a last modification  |c 20130704 11:43:00  |k Rodrigo Vera 
490 0 |a Pueblos 
999 |c 352543  |d 352541 
952 |0 0  |1 0  |4 0  |6 779_986135000000000_REY_2011  |7 0  |8 P  |9 457103  |a BIBARQ  |b BIBARQ  |d 2019-11-22  |i 4987330  |o 779.986135 REY 2011  |p 4987330  |r 2025-01-20  |w 2019-11-22  |y BK  |k ARQ